2010's Songs by Lyrics #2 - Statistics

General Stats
  • This quiz has been taken 250 times
  • The average score is 9 of 15
Answer Stats
Lyrics Song % Correct
'Cause the players gonna play, play, play, play, play Shake It Off
95%
I got the eye of the tiger, a fighter dancing through the fire Roar
87%
Well, you only need the light when it's burning low. Only miss the sun when it starts to snow Let Her Go
86%
Lately, I been, I been losin' sleep Counting Stars
79%
But you didn't have to cut me off. Make out like it never happened and that we were nothing Somebody That I Used To Know
78%
'Cause it's a beautiful night, we're lookin' for somethin' dumb to do Marry You
75%
I'll worship like a dog at the shrine of your lies Take Me To Church
69%
I never hit so hard in love. All I wanted was to break your walls Wrecking Ball
66%
I'm waking up, I feel it in my bones. Enough to make my systems blow Radioactive
65%
Just a second, we're not broken, just bent. And we can learn to love again Just Give Me A Reason
50%
I see you drivin' 'round town with the girl I love F*ck You
49%
Hey, oh, here she goes, either a little too high or a little too low Candy
45%
Just shoot for the stars if it feels right. Then aim for my heart if you feel like it Moves Like Jagger
33%
All the bad things disappear. And you're making me feel like maybe I am somebody I Don't Care
19%
I let it throw me off my feet, I let it put me on my knees Do I Ever
3%
No matching quizzes found
Score Distribution
Percent of People with Each Score
Percentile by Number Answered
Your Score History
You have not taken this quiz